Burton's microbiology for the health sciences (Record no. 17086)

MARC details
000 -LEADER
fixed length control field 00609nam a22001937a 4500
008 - FIXED-LENGTH DATA ELEMENTS--GENERAL INFORMATION
fixed length control field 180804b xxu||||| |||| 00| 0 eng d
020 ## - INTERNATIONAL STANDARD BOOK NUMBER
International Standard Book Number 1451186345
040 ## - CATALOGING SOURCE
Original cataloging agency KABU
Transcribing agency KABU
050 ## - LIBRARY OF CONGRESS CALL NUMBER
Classification number QR41.2
Item number .B87 2015 c. 1
245 ## - TITLE STATEMENT
Title Burton's microbiology for the health sciences
Statement of responsibility, etc. Paul G. Engelkirk ...[et al.].
250 ## - EDITION STATEMENT
Edition statement 10th ed.
260 ## - PUBLICATION, DISTRIBUTION, ETC. (IMPRINT)
Place of publication, distribution, etc. Philadelphia
Name of publisher, distributor, etc. Wolters Kluwer Health
Date of publication, distribution, etc. 2015
300 ## - PHYSICAL DESCRIPTION
Extent xiii, 482 p.
650 ## - SUBJECT ADDED ENTRY--TOPICAL TERM
Topical term or geographic name as entry element Microbiology
650 ## - SUBJECT ADDED ENTRY--TOPICAL TERM
Topical term or geographic name as entry element Medical microbiology
650 ## - SUBJECT ADDED ENTRY--TOPICAL TERM
Topical term or geographic name as entry element Allied medical personnel
700 ## - ADDED ENTRY--PERSONAL NAME
Personal name Engelkirk, Paul G. ...[et al.].
942 ## - ADDED ENTRY ELEMENTS (KOHA)
Source of classification or shelving scheme Library of Congress Classification
Koha item type General Collection
Edition 10th
Classification part QR41.2
Holdings
Withdrawn status Lost status Source of classification or shelving scheme Not for loan Home library Current library Shelving location Date acquired Cost, normal purchase price Total Checkouts Full call number Barcode Date last seen Date last checked out Copy number Price effective from Koha item type Total Renewals
    Library of Congress Classification   Kabarak, Main Campus Kabarak, Main Campus General Stacks 04/08/2018 3939.00 13 QR41.2 .B87 2015 c. 1 025803 22/02/2024 15/02/2024 c. 1 04/08/2018 General Collection  
    Library of Congress Classification   Kabarak, Main Campus Kabarak, Main Campus General Stacks 04/08/2018 3939.00 20 QR41.2 .B87 2015 c. 2 025804 26/02/2024 12/02/2024 c. 2 04/08/2018 General Collection 2
    Library of Congress Classification   Kabarak, Main Campus Kabarak, Main Campus General Stacks 04/08/2018 3939.00 13 QR41.2 .B87 2015 c. 3 025805 18/11/2021 01/11/2021 c. 3 04/08/2018 General Collection  
    Library of Congress Classification   Kabarak, Main Campus Kabarak, Main Campus General Stacks 04/08/2018 3939.00 10 QR41.2 .B87 2015 c. 4 025806 23/02/2026 06/02/2026 c. 4 04/08/2018 General Collection  
    Library of Congress Classification   Kabarak, Main Campus Kabarak, Main Campus General Stacks 04/08/2018 3939.00 10 QR41.2 .B87 2015 c. 5 025807 19/04/2023 05/03/2020 c. 5 04/08/2018 General Collection 2
    Library of Congress Classification   Kabarak, Main Campus Kabarak, Main Campus General Stacks 04/08/2018 3939.00 9 QR41.2 .B87 2015 c. 6 025808 11/12/2021 09/12/2021 c. 6 04/08/2018 General Collection  
    Library of Congress Classification   Kabarak, Main Campus Kabarak, Main Campus General Stacks 04/08/2018 3939.00 14 QR41.2 .B87 2015 c. 7 025809 14/02/2023 04/02/2023 c. 7 04/08/2018 General Collection 2
    Library of Congress Classification   Kabarak, Main Campus Kabarak, Main Campus General Stacks 04/08/2018 3939.00 5 QR41.2 .B87 2015 c. 8 025810 16/08/2021 14/08/2021 c. 8 04/08/2018 General Collection  
    Library of Congress Classification   Kabarak, Main Campus Kabarak, Main Campus General Stacks 04/08/2018 3939.00 16 QR41.2 .B87 2015 c. 9 025811 02/03/2026 06/02/2026 c. 9 04/08/2018 General Collection 2
    Library of Congress Classification   Kabarak, Main Campus Kabarak, Main Campus General Stacks 04/08/2018 3939.00 11 QR41.2 .B87 2015 c. 10 025812 10/03/2021 22/02/2021 c. 10 04/08/2018 General Collection 1
Designed with assistance from East African Informatics Ltd